000 00325 a2200145 4500
001 169315
020 _a
040 _cMagnum
100 _aSilva, Luiz Heron da (Org.)
240 1 0 _aEscola cidada: teoria e pratica
_lpor
245 1 0 _aEscola cidada: teoria e pratica
362 0 _a1899
697 _aENSINO
942 _cBK
999 _c169315
_d169315